Hướng dẫn học nhanh AutoCAD 2006
Hướng dẫn học nhanh AutoCAD 2006 gồm 16 chương, giúp người sử dụng tiếp cận chương trình một cách dễ dàng. Trong đó mỗi ví dụ có kèm hình ảnh minh họa cụ thể, từ cơ bản đến nâng cao...
Sparad:
| Huvudupphovsman: | |
|---|---|
| Materialtyp: | Bok |
| Språk: | Undetermined |
| Publicerad: |
Thành phố Hồ Chí Minh
Thống kê
2006
|
| Ämnen: | |
| Taggar: |
Lägg till en tagg
Inga taggar, Lägg till första taggen!
|
| Thư viện lưu trữ: | Trung tâm Học liệu Trường Đại học Cần Thơ |
|---|
| LEADER | 00968nam a2200205Ia 4500 | ||
|---|---|---|---|
| 001 | CTU_122034 | ||
| 008 | 210402s9999 xx 000 0 und d | ||
| 082 | |a 620.00420285 | ||
| 082 | |b H513 | ||
| 100 | |a Nguyễn, Khánh Hùng | ||
| 245 | 0 | |a Hướng dẫn học nhanh AutoCAD 2006 | |
| 245 | 0 | |c Nguyễn Khánh Hùng, Phạm Thái Thạnh | |
| 260 | |a Thành phố Hồ Chí Minh | ||
| 260 | |b Thống kê | ||
| 260 | |c 2006 | ||
| 520 | |a Hướng dẫn học nhanh AutoCAD 2006 gồm 16 chương, giúp người sử dụng tiếp cận chương trình một cách dễ dàng. Trong đó mỗi ví dụ có kèm hình ảnh minh họa cụ thể, từ cơ bản đến nâng cao... | ||
| 650 | |a AutoCAD ( Computer programs ),Computer graphics,Computer-aided design | ||
| 650 | |x Computer programs,Computer programs | ||
| 904 | |i Minh | ||
| 980 | |a Trung tâm Học liệu Trường Đại học Cần Thơ | ||